[Event "Chigorin Memorial 29th"]
[Site "St Petersburg"]
[Date "2022.10.27"]
[Round "6"]
[White "Bulavin, Alexander"]
[Black "Kumargaliev, Marsel"]
[Result "1/2-1/2"]
[WhiteElo "2284"]
[BlackElo "2047"]
[PlyCount "119"]
[EventDate "2022.10.22"]
[EventType "swiss"]
[EventRounds "9"]
[EventCountry "RUS"]
[SourceTitle "EXT 2024"]
[Source "ChessBase"]
[SourceDate "2023.10.10"]
[SourceVersion "1"]
[SourceVersionDate "2023.10.10"]
[SourceQuality "1"]

1. d4 Nf6 2. Nf3 g6 3. c4 Bg7 4. Nc3 0-0 5. e4 d6 6. h3 Na6 7. Be3 c5 8. d5 e6 9. Bd3 exd5 10. exd5 Nc7 11. a4 Na6 12. 0-0 Nb4 13. Bb1 b6 14. Qc1 Ba6 15. Nb5 Bxb5 16. axb5 Nd7 17. Bg5 Qc7 18. Ra3 Rae8 19. Bh6 Ne5 20. Nxe5 Bxh6 21. Qxh6 Rxe5 22. Re3 Rfe8 23. Rfe1 Rxe3 24. Rxe3 Qd8 25. g3 Rxe3 26. Qxe3 Qf6 27. Qc3 Qe7 28. Kf1 a6 29. bxa6 Nxa6 30. h4 Nb4 31. b3 Qd7 32. Kg2 Qe7 33. Qa1 Qe2 34. Qa8+ Kg7 35. Qa1+ Qe5 36. Qxe5+ dxe5 37. f4 exf4 38. gxf4 f5 39. h5 Kf6 40. hxg6 hxg6 41. Kg3 Na6 42. Kf2 Nc7 43. Bd3 Ne8 44. Kg3 g5 45. fxg5+ Kxg5 46. Kf3 Nd6 47. Bc2 Nf7 48. Bb1 Ne5+ 49. Ke3 Kg4 50. Bc2 Nd7 51. d6 Kg5 52. Bd1 Ne5 53. Bf3 Kf6 54. Bd5 Ng6 55. d7 Ke7 56. Be6 f4+ 57. Ke4 Nf8 58. Bf5 Nxd7 59. Bxd7 Kxd7 60. Kxf4 1/2-1/2

[Event "Chigorin Memorial 29th"]
[Site "St Petersburg"]
[Date "2022.10.24"]
[Round "3"]
[White "Kumargaliev, Marsel"]
[Black "Chervyakova, Tatiana"]
[Result "1-0"]
[WhiteElo "2047"]
[BlackElo "1673"]
[PlyCount "117"]
[EventDate "2022.10.22"]
[EventType "swiss"]
[EventRounds "9"]
[EventCountry "RUS"]
[SourceTitle "EXT 2024"]
[Source "ChessBase"]
[SourceDate "2023.10.10"]
[SourceVersion "1"]
[SourceVersionDate "2023.10.10"]
[SourceQuality "1"]

1. e4 c5 2. Nf3 Nc6 3. Bb5 Nf6 4. Qe2 g6 5. 0-0 Bg7 6. e5 Nd5 7. Nc3 Nc7 8. Bxc6 dxc6 9. Re1 0-0 10. d3 Nd5 11. Ne4 b6 12. h3 Qc7 13. c4 Nb4 14. a3 Na6 15. Bf4 Rd8 16. Rad1 Bf5 17. Ng3 Be6 18. d4 cxd4 19. Nxd4 Qc8 20. Qf3 c5 21. Nc6 Re8 22. Rd8 Qxd8 23. Nxd8 Raxd8 24. b3 Nb8 25. Nf1 Rc8 26. Bc1 Nc6 27. Bb2 Red8 28. g4 a6 29. Qe4 b5 30. Ne3 bxc4 31. bxc4 Nd4 32. f4 Rb8 33. Bxd4 cxd4 34. Nd5 Bxd5 35. cxd5 Rb5 36. d6 exd6 37. Qxd4 Bf8 38. a4 Rbb8 39. e6 fxe6 40. Qc4 d5 41. Qxa6 Bc5+ 42. Kg2 Rd6 43. Qd3 Rb2+ 44. Re2 Rxe2+ 45. Qxe2 d4 46. Qd3 Rd5 47. a5 Kf7 48. Kf3 Ke7 49. Ke4 Rd7 50. Qb5 Ba7 51. Kd3 Rd5 52. Qb4+ Ke8 53. a6 Rd7 54. Qb5 Ke7 55. h4 Rd5 56. Qb4+ Ke8 57. Qc4 Ke7 58. f5 Kf6 59. fxe6 1-0

[Event "St Petersburg-ch 93rd"]
[Site "St Petersburg"]
[Date "2020.09.25"]
[Round "4"]
[White "Babanin, Gleb"]
[Black "Kumargaliev, Marsel"]
[Result "0-1"]
[WhiteElo "2193"]
[BlackElo "2212"]
[PlyCount "68"]
[EventDate "2020.09.22"]
[EventType "swiss"]
[EventRounds "9"]
[EventCountry "RUS"]
[SourceTitle "EXT 2021"]
[Source "ChessBase"]
[SourceDate "2020.10.23"]
[SourceVersion "1"]
[SourceVersionDate "2020.10.23"]
[SourceQuality "1"]

1. e4 e5 2. Nf3 Nc6 3. Bb5 a6 4. Ba4 Nf6 5. d3 d6 6. 0-0 Be7 7. Re1 b5 8. Bb3 Na5 9. Nbd2 0-0 10. Nf1 c5 11. Ng3 Re8 12. Bd2 Nxb3 13. axb3 Bf8 14. c4 Rb8 15. Ra2 g6 16. h3 Bg7 17. Nh2 h6 18. Qf3 Rf8 19. Ngf1 Ne8 20. Qg3 Kh7 21. Ne3 f5 22. Nd5 f4 23. Qf3 b4 24. g4 fxg3 25. Qxg3 Nf6 26. Nxf6+ Qxf6 27. Kg2 Rb7 28. Ng4 Qd8 29. Be3 Rbf7 30. Rh1 h5 31. Nh2 h4 32. Qg5 Rxf2+ 33. Kg1 Qxg5+ 34. Bxg5 Bxh3 0-1

[Event "Chigorin Memorial 27th"]
[Site "St Petersburg"]
[Date "2019.10.06"]
[Round "2"]
[White "Kumargaliev, Marsel"]
[Black "Pershin, Denis"]
[Result "1-0"]
[WhiteElo "2144"]
[BlackElo "2401"]
[PlyCount "75"]
[EventDate "2019.10.05"]
[EventType "swiss"]
[EventRounds "9"]
[EventCountry "RUS"]
[SourceTitle "EXT 2020"]
[Source "ChessBase"]
[SourceDate "2019.10.17"]
[SourceVersion "1"]
[SourceVersionDate "2019.10.17"]
[SourceQuality "1"]

1. e4 c6 2. Nc3 d5 3. Nf3 Nf6 4. e5 Ne4 5. Ne2 Qb6 6. d4 e6 7. g3 c5 8. Bg2 Nc6 9. 0-0 cxd4 10. a3 Bd7 11. Ra2 Bc5 12. b4 Be7 13. Qd3 f6 14. exf6 Bxf6 15. b5 Ne5 16. Nxe5 Bxb5 17. Qf3 Bxe2 18. Qxe2 Nc3 19. Qh5+ g6 20. Nxg6 hxg6 21. Qxg6+ Ke7 22. Rb2 Qc7 23. Bg5 Bxg5 24. Rxb7 Qxb7 25. Qg7+ Kd6 26. Qxb7 Rhg8 27. Qh7 Rh8 28. Qd3 Rac8 29. Re1 Bd8 30. Qxd4 Rh5 31. Qg4 Rf5 32. Rxe6+ Kxe6 33. Bh3 Ra8 34. Qxf5+ Kd6 35. Qe6+ Kc5 36. Qe3+ d4 37. Qe5+ Kc6 38. Bg2+ 1-0

[Event "St Petersburg Korchnoi Memorial op"]
[Site "St Petersburg"]
[Date "2019.08.16"]
[Round "3"]
[White "Kumargaliev, Marsel"]
[Black "Golubov, Saveliy"]
[Result "1/2-1/2"]
[WhiteElo "2063"]
[BlackElo "2478"]
[PlyCount "119"]
[EventDate "2019.08.14"]
[EventType "swiss"]
[EventRounds "9"]
[EventCountry "RUS"]
[SourceTitle "CBM 192"]
[Source "ChessBase"]
[SourceDate "2019.10.31"]
[SourceVersion "1"]
[SourceVersionDate "2019.10.31"]
[SourceQuality "1"]

1. e4 a6 2. d4 b5 3. Nf3 Bb7 4. Bd3 g6 5. 0-0 Bg7 6. a4 bxa4 7. Rxa4 d6 8. Qe2 e6 9. Nc3 Ne7 10. e5 0-0 11. Ne4 Nd7 12. Bf4 Nf5 13. Rfa1 h6 14. exd6 cxd6 15. Bxa6 Bc6 16. Bb5 Bxb5 17. Qxb5 Rb8 18. Qd3 g5 19. Bc1 Nb6 20. Rb4 Ne7 21. c3 f5 22. Ng3 e5 23. dxe5 dxe5 24. Qxd8 Rfxd8 25. Be3 Nbd5 26. Rxb8 Rxb8 27. Bc1 e4 28. Nd2 Nf4 29. Ra7 Kf8 30. Nc4 Nd3 31. Ne2 Nxc1 32. Nxc1 Bxc3 33. Ra2 Bf6 34. g3 Rd8 35. Ne2 Rd1+ 36. Kg2 Nd5 37. Ne3 Nxe3+ 38. fxe3 Rd2 39. Kf2 Kf7 40. Ra5 Kg6 41. b3 Rb2 42. Rb5 Bc3 43. Rc5 Bb4 44. Rb5 Rxb3 45. Rxf5 Be1+ 46. Kf1 Bd2 47. Re5 Rxe3 48. Re6+ Kf7 49. Ra6 h5 50. Ra2 Rd3 51. Ra6 Rb3 52. h3 Rb1+ 53. Kf2 Rb2 54. Rc6 Rb4 55. Rh6 Kg7 56. Rxh5 Rb8 57. h4 Kg6 58. g4 Rf8+ 59. Kg2 gxh4 60. Rxh4 1/2-1/2